Družstevné princípy v modernom podnikaní

Družstevné podnikanie. Družstvo ako samostatný podnik. Cieľ podnikania - ekonomická funkcia družstva. Družstevné princípy a novodobé integračné procesy.

Guardado en:
Detalles Bibliográficos
Autor principal: Hutník, Félix
Formato: Capítulo de libro
Lenguaje:eslovaco
Materias:
Etiquetas: Agregar Etiqueta
Sin Etiquetas, Sea el primero en etiquetar este registro!

MARC

LEADER 00000naa a2200000 4500
001 r023740
005 20221213113051.1
041 0 |a slo 
044 |a SK 
245 1 0 |a Družstevné princípy v modernom podnikaní  |c Félix Hutník 
520 |a Družstevné podnikanie. Družstvo ako samostatný podnik. Cieľ podnikania - ekonomická funkcia družstva. Družstevné princípy a novodobé integračné procesy. 
610 2 0 |a družstvá 
610 2 0 |a podnikanie 
610 2 0 |a integrácia 
100 1 |a Hutník, Félix